000 00830nam a2200193 a 4500
001 000033843
005 20200930070550.0
008 110913s1798 sp ab 000 0 spa d
040 _aDO-SdBNP
_bspa
_cBNPHU
082 _axxxx
_bC421c
100 1 _aCésar, Cayo Julio
_959259
245 1 4 _aLos comentarios de Cayo Julio César /
_ctraducidos en castellano por Manuel de Valbuena.
260 _aMadrid :
_bImpr. Real,
_c1798.
300 _a2 v. :
_bil., map. ;
_c25 cm.
500 _aSuplemento a los comentarios de Cayo Julio Césarentresacado y traducido en castellano de la vida de César, escrita en Latin por Cayo Suetonio Tranquílo, y en griego por Plutarco
700 1 2 _aValbuena, Manuel de M.,
_etr.
_959260
700 1 2 _aSuetonio, Tranquilo Cayo,
_tSuplemento a los comentarios de Cayo Julio César
_959261
049 _aBNGR
999 _c33334
_d33334